Bilecik Bilecik Bilecik Bilecik Bilecik

İstihbarat savaşları : (Record no. 67129)

MARC details
000 -BAŞLIK
Sabit Uzunluktaki Kontrol Alanı 01207nam a22003617a 4500
001 - KONTROL NUMARASI
Control Dosyası 0066688
003 - KONTROL NUMARASI KİMLİĞİ
Kontrol Alanı KOHA_MİRAKIL
005 - EN SON İŞLEM TARİHİ ve ZAMANI
Kontrol Alanı 20260207004649.0
007 - FİZİKSEL TANIM SABİT ALAN - GENEL BİLGİ
Sabit uzunluklu kontrol alanı ta
008 - SABİT UZUNLUKTAKİ VERİ ÖGELERİ - GENEL BİLGİ
Sabit Alan 220124b2020 tu |||gr||||#0|||0|tur |
020 ## - ISBN - ULUSLARARASI STANDART KİTAP NUMARASI
Isbn 9786057635174
040 ## - KATALOGLAMA KAYNAĞI
Özgün Kataloglama Kurumu TR-BiSEU
Kataloglama Dili tur
Çeviri Kurumu TR-BiSEU
Açıklama Kuralları rda
041 0# - DİL KODU
Metin ya da ses kaydının dil kodu tur
044 ## - YAYINLAYAN/ÜRETEN KURULUŞUN ÜLKE KODU
ISO country code tu
050 ## - SINIFLAMA ve YER NUMARASI
Sınıflama Numarası D639.S7
Yer Numarası A84 2020
100 1# - KİŞİ ADI
Yazar Adı (Kişi adı) Akyürek, Hüseyin Aziz.
245 1# - ESER ADI BİLDİRİMİ
Başlık İstihbarat savaşları :
Alt Eseradı vb. Birinci Dünya Savaşı'nda Suriye ve Lübnan'da casusluk faaliyetleri/
Sorumluluk Bildirimi Hüseyin Aziz Akyürek ; Hüseyin Aziz Akyürek ; yayına hazırlayan Polat Safi.
250 ## - BASIM BİLDİRİMİ
Basım Bildirimi 2. baskı
264 #1 - ÜRERİM, YAYIN, DAĞITIM ve TELİF BİLDİRİMİ
Yayın yeri İstanbul :
Yayınlayan Kronik Kitap
Yayın tarihi 2020
300 ## - FİZİKSEL TANIMLAMA
Sayfa, Cilt vb. 424 sayfa ;
Boyutları 21 cm.
336 ## - İÇERİK TÜRÜ
Content type term metin
Content type code txt
Source rdacontent
337 ## - MEDYA TÜRÜ
Media type term aracısız
Media type code n
Source rdamedia
338 ## - TAŞIYICI TÜRÜ
Carrier type term cilt
Carrier type code nc
Source rdacarrier
490 1# - DİZİ BİLDİRİMİ
Dizi Bildirimi Kronik kitap ;
Cilt Numarası 115.
490 1# - DİZİ BİLDİRİMİ
Dizi Bildirimi Gizli teşkilatlar serisi ;
Cilt Numarası 3
500 ## - GENEL NOT
Genel Not İndeks var.
650 #0 - KONU BAŞLIĞI EK GİRİŞ - KONU TERİMİ
Konusal terim veya coğrafi ad Dünya Savaşı, 1914-1918--Gizli servis
9 (RLIN) 126108
650 #0 - KONU BAŞLIĞI EK GİRİŞ - KONU TERİMİ
Konusal terim veya coğrafi ad World War, 1914-1918--Secret service
9 (RLIN) 126109
830 1# - SERİ EK GİRİŞİ - TEKBİÇİM ESER ADI
Tekbiçim Başlık Kronik kitap ;
Volume number/sequential designation 115.
9 (RLIN) 126110
830 1# - SERİ EK GİRİŞİ - TEKBİÇİM ESER ADI
Tekbiçim Başlık Gizli teşkilatlar serisi ;
Volume number/sequential designation 3
9 (RLIN) 126111
907 ## - LOCAL DATA ELEMENT G, LDG (RLIN)
a Tarih
942 ## - EK GİRİŞ ÖGELERİ (KOHA)
Source of classification or shelving scheme Library of Congress Classification
Koha item type Book
Holdings
Materyal Türü Kalıcı Konum Mevcut Konum Raf Yeri Sınıflandırma Kaynağı Edinim Bilgisi Ana Konular Alt Konular Yer Numarası Demirbaş Numarası Fatura Tarihi Geri Çekilme Durumu Kayıp Durumu Hasarlı Durumu Kredi için değil Kayıt Tarih Toplam Ödünçverme Son Görülme Tarihi Son Kontrol Tarihi Genel / Bağış Notu
Book Prof. Dr. Azmi Özcan Kütüphanesi Prof. Dr. Azmi Özcan Kütüphanesi Uluğbey Salonu Library of Congress Classification Bağış DÜNYA TARİHİ (AVRUPA, ASYA, AFRİKA VB.) Tarih (Genel) D639.S7 A84 2020 0066688 02/02/2026         24/01/2022   05/03/2025 05/03/2025 Genel Bağış